00331nam a2200121Ia 4500008004000000020001800040082001700058100002000075245003300095260004400128300001100172650002600183210210b1991 xxu||||| |||| 00| 0 eng d a81 7018 701 X a324.954 BHAE aBHAMBHRI (C P). aElections 1991: an analysis. aDelhibB R Publishing Corporationc1991 axi,258 aIndian elections 1991